000 00589nam a2200229Ia 4500
003 OSt
005 20220924151205.0
006 a|||||r|||| 00| 0
007 ta
008 220923b |||||||| |||| 00| 0 tel d
024 _a336601
037 _cTextual
040 _aARTS
_cARTS
_btel
041 _2tel
_atel
082 _aO35,3NSU6,6, L0.1.-2
100 _aSulochanna Rani
_9223767
245 0 _aJeevana tarangalu
260 _c1970
650 _aTELUGU FICTION
942 _hO35,3NSU6,6, L0.1.-2
_cTEXL
_2CC
999 _c465832
_d465832